000 00618nam a2200229 i 4500
001 C2-0119127
003 PPAK
005 20180727111722.0
008 970803s1986 my a|||| ||||| | may d
040 _aPPAK
_beng
_cPPAK
_erda
082 0 4 _a540
_223
090 0 0 _a540
_bMAH
_dG
100 1 _aMahan, Bruce H.,
_eauthor
245 1 0 _aKimia universiti
264 1 _aKuala Lumpur :
_bDewan Bahasa dan Pustaka ,
_c1986
300 _ax, 471 pages :
_billustrations ;
_c23 cm
336 _2rdacontent
_atext
337 _2rdamedia
_aunmediated
338 _2rdacarrier
_avolume
650 1 0 _aChemistry
942 _ddc
_cB
999 _c32819
_d32819